Сборник задач по курсу "Финансы промышленности и отраслей народного хозяйства" (Запись № 5585231)

Подробности
000 -МАРКЕР
контрольное поле 01652nam0a22003011 4500
001 - ИДЕНТИФИКАТОР ЗАПИСИ
контрольное поле rc\2148425
005 - ИДЕНТИФИКАТОР ВЕРСИИ
контрольное поле 20260406172208.0
035 ## - ДРУГИЕ СИСТЕМНЫЕ НОМЕРА
Идентификатор записи (NLR Aleph) 006435080
100 ## - ДАННЫЕ ОБЩЕЙ ОБРАБОТКИ
Данные общей обработки 20091007d1978 |||y0rusy50 ca
101 0# - ЯЗЫК РЕСУРСА
Язык текста, звукозаписи и т.д. русский
102 ## - СТРАНА ПУБЛИКАЦИИ ИЛИ ПРОИЗВОДСТВА
Страна публикации Российская Федерация
105 ## - ПОЛЕ КОДИРОВАННЫХ ДАННЫХ: ТЕКСТОВЫЕ МАТЕРИАЛЫ, МОНОГРАФИЧЕСКИЕ
Кодированные данные о монографическом текстовом документе y z |||||
200 1# - ЗАГЛАВИЕ И СВЕДЕНИЯ ОБ ОТВЕТСТВЕННОСТИ
Основное заглавие Сборник задач по курсу "Финансы промышленности и отраслей народного хозяйства"
Сведения, относящиеся к заглавию (Учеб. пособие)
Первые сведения об ответственности [Доценты В.В. Бочаров, Н.А. Ястребов, преп. Федоров Б.Н. и др.
Последующие сведения об ответственности Общ. ред.: проф. Жевтяк П.Н.]
210 ## - ПУБЛИКАЦИЯ, РАСПРОСТРАНЕНИЕ И ДР.
Место издания, распространения и т.д. Ленинград
Имя издателя, распространителя и т. д. ЛФЭИ
Дата издания, распространения и т.д. 1978
215 ## - ФИЗИЧЕСКАЯ ХАРАКТЕРИСТИКА
Специфическое обозначение материала и объем 79 с.
Размеры 20
300 ## - ОБЩИЕ ПРИМЕЧАНИЯ
Текст примечания В надзаг.: М-во высш. и сред. спец. образования РСФСР, Ленингр. фин.-экон. ин-т им. Н.А. Вознесенского. Каф. финансов
532 13 - РАСШИРЕННОЕ ЗАГЛАВИЕ
Заглавие Сборник задач по курсу Финансы промышленности и отраслей народного хозяйства"
701 #1 - ИМЯ ЛИЦА - АЛЬТЕРНАТИВНАЯ ОТВЕТСТВЕННОСТЬ
Начальный элемент ввода Федоров
Часть имени, кроме начального элемента ввода Б.Н.
701 #1 - ИМЯ ЛИЦА - АЛЬТЕРНАТИВНАЯ ОТВЕТСТВЕННОСТЬ
Начальный элемент ввода Ястребов
Часть имени, кроме начального элемента ввода Н.А.
701 #1 - ИМЯ ЛИЦА - АЛЬТЕРНАТИВНАЯ ОТВЕТСТВЕННОСТЬ
Начальный элемент ввода Бочаров
Часть имени, кроме начального элемента ввода В.В.
Расширение инициалов личного имени Владимир Владимирович
702 #1 - ИМЯ ЛИЦА - ВТОРИЧНАЯ ОТВЕТСТВЕННОСТЬ
Начальный элемент ввода Жевтяк
Часть имени, кроме начального элемента ввода П.Н.
Расширение инициалов личного имени Петр Наумович
Код отношения Редактор
712 02 - НАИМЕНОВАНИЕ ОРГАНИЗАЦИИ - ВТОРИЧНАЯ ОТВЕТСТВЕННОСТЬ
Начальный элемент ввода Ленинградский финансово-экономический институт им. Н. А. Вознесенского
Структурное подразделение Кафедра финансов
Идентификатор авторитетной/нормативной записи RU\NLR\AUTH\889939705
Системный номер авторитетной/нормативной записи 374268
801 #1 - ИСТОЧНИК ЗАПИСИ
Страна Российская Федерация
Организация ELAR
Источник данных rusmarc
801 #0 - ИСТОЧНИК ЗАПИСИ
Страна Российская Федерация
Организация NLR
Правила каталогизации psbo
852 ## - МЕСТОНАХОЖДЕНИЕ И ШИФР ХРАНЕНИЯ
Идентификатор организации NLR
Шифр хранения (Call Number) 80-4/799
942 ## - ДОПОЛНИТЕЛЬНЫЕ ЭЛЕМЕНТЫ ЗАПИСИ (АБИС)
Тип экземпляра АБИС Книга
980 ## - КОЛЛЕКЦИЯ
Название коллекции Национальная библиография
Экземпляры
Тип экземпляра Дата поступления Библиотека постоянного хранения Библиотека текущего хранения Место хранения Шифр хранения Штрих-код Статус экземпляра
Книга 26.10.2013 РНБ (Московский) РНБ (Московский) Русский книжный фонд: издания с 1957 года 80-4/799 6435080-10